Responses for Show #2199 - Thursday, March 10, 1994

Contestants

[<< previous game]

Olivia Hingston Reich, a teacher from Cleveland, Ohio

Fran Pennarola, an attorney from Newtown, Connecticut

Brian Callaghan, a world traveller from Washington, D.C. (whose 1-day cash winnings total $11,229)

[next game >>]

Jeopardy! Round responses

WORLD CITIES
TOYS & GAMES
HOLIDAYS & OBSERVANCES
INSECTS
BUSINESS & INDUSTRY
STARTS WITH "L"
    $100 6
Moscow

Fran
    $100 2
hide-and-seek

Fran
    $100 11
the May Pole

Brian
    $100 13
(Brian: What is the tick?)

the flea

BrianOlivia
    $100 24
an iron

Brian
    $100 20
lickety-split

Brian
    $200 8
Amsterdam

Olivia
    $200 3
Play-Doh

Fran
    $200 12
the first

Fran
    $200 16
the butterfly

Olivia
    $200 27
Casablanca

Olivia
    $200 19
lampoon

Olivia
    $300 1
(Brian: What is Denmark?)
...
(Alex: Yes, Brian was in the right country, but it's about cities.)

Copenhagen

BrianFran
    $300 4
Barney

Fran
    $300 14
witches

Fran
    $300 17
a grasshopper

Fran
    $300 28
perfume

Brian
    $300 21
lollygag

Brian
    $400 9
São Paulo

Fran
    $400 5
Dungeons and Dragons

Brian
    $1,000 15
April

Fran
    $400 18
leaves

Brian
    $400 25
(Fran: [No response])

Kool-Aid

Fran
Triple Stumper
    $400 22
Liverpool

Olivia
    $500 10
Edmonton

Olivia
    $500 7
the Etch-a-Sketch

Brian
    $500 30
Susan B. Anthony

Brian
    $500 29
the firefly

Fran
    $500 26
Nescafé

Olivia
    $500 23
a lie

Olivia

Scores at the first commercial break (after clue 15):

Brian Fran Olivia
$600 $2,900 $800

Scores at the end of the Jeopardy! Round:

Brian Fran Olivia
$2,300 $3,300 $2,800

Double Jeopardy! Round responses

HISTORIC NAMES
WEIGHTS & MEASURES
MOVIE SONGS
THE BIBLE
AUTHORS' BIRTHPLACES
THE PANAMA CANAL
    $200 1
Livingstone

Brian
    $200 15
An acre

Olivia
    $200 11
Mary Poppins

Brian
    $200 26
Moses

Olivia
    $200 20
(Olivia: Who is Louis Lamamour?)

Louis L'Amour

BrianOlivia
    $200 6
the Spanish-American war

Olivia
    $400 2
(Karl) Marx

Olivia
    $400 16
yards

Olivia
    $400 12
Norma Rae

Brian
    $400 27
merry

Brian
    $400 22
Rachel Carson

Olivia
    $400 7
the Suez Canal

Brian
    $600 3
Peter the Great

Olivia
    $600 17
a ton

Olivia
    $600 13
"The Candy Man"

Olivia
    $600 28
John the Baptist

Brian
    $600 23
China

Brian
    $600 8
Balboa

Olivia
    $800 4
John Wesley

Olivia
    $800 18
inches

Olivia
    $800 14
Romeo and Juliet

Fran
    $800 29
Pontius Pilate

Olivia
    $800 24
Joel Chandler Harris

Fran
    $400 9
Colombia

Olivia
    $1000 5
Queen Anne

Olivia
    $1000 19
180 RPM

Olivia
    $1000 21
(Alex: What is [*] / I Love You?)

Rose Marie

Triple Stumper
    $100 30
(Olivia: Do I have to bid anything?)
(Alex: You have to bid something, at least $5.)
(Olivia: Oh.)
(Alex: If you say $5, there will be a low murmur of disapproval from the audience, but your choice.)
[Laughter]

Jacob

Olivia
    $1000 25
Albert Camus

Olivia
    $1000 10
locks

Brian

Scores at the end of the Double Jeopardy! Round:

Brian Fran Olivia
$6,300 $4,900 $12,700
(lock game)

[wagering suggestions for these scores]

Final Jeopardy! Round responses

THE CONSTITUTION
FranWhat is Checks + Balances
$4,899
BrianWhat is Plan of Federat
$6,269
OliviaWhat is the New Jersey Plan?
$1
the New Jersey plan

Final scores:

Brian Fran Olivia
$31 $1 $12,701
2nd place: Keller bedroom furniture set + Waverly bedspread ensemble 3rd place: Piel leather garment bag + leather executive overnight bag New champion: $12,701

Game dynamics:

Coryat scores:

Brian Fran Olivia
$6,300 $4,300 $14,000
18 R,
2 W
13 R
(including 1 DD),
1 W
27 R
(including 2 DDs),
1 W

Combined Coryat: $24,600

[game clues] [game scores] [suggest correction]

Game tape date: 1993-12-06
The J! Archive is created by fans, for fans. Scraping, republication, monetization, and malicious use prohibited; this site may use cookies and collect identifying information. See terms. The Jeopardy! game show and all elements thereof, including but not limited to copyright and trademark thereto, are the property of Jeopardy Productions, Inc. and are protected under law. This website is not affiliated with, sponsored by, or operated by Jeopardy Productions, Inc. Join the discussion at JBoard.tv.